000 00632nam a22001697a 4500
003 BD-DhUL
005 20160829111052.0
008 160829b xxu||||| |||| 00| 0 eng d
040 _cBD-DhUL
082 _a910
_bBAB
100 _a চক্রবর্তী, বরুণকুমার
245 _aবাংলা সাহিত্যের বঙ্গের ভারত /
_cবরুণকুমার চক্রবর্তী
260 _aকলকাতা :
_bপুস্তক,
_c১৯৯০.
300 _a২৯৪ পৃ. ;
_c২২ সেমি.
650 _aইতিহাস
_vHistory
942 _2ddc
_cBK
999 _c102174
_d102174